Statistics for YouTuber Quiz

Click here to take the quiz!

General Stats

  • This quiz has been taken 25 times
    (22 since last reset)
  • The average score is 4 of 15

Answer Stats

Need Help?Answer% Correct
Green Septic eyeJacksepticeye
82%
Over 48 million subscribersPewdiepie
76%
Dr. TrayaurusDanTDM
59%
Pink MoustacheMarkiplier
59%
(intro) ... SHUT UP!!!!!Smosh
41%
TEEHEEnigahiga
29%
ButterSkydoesminecraft
24%
FuriousDestroyerPopularmmos
18%
Trollcraft exploiter and playerSSundee
12%
Clash Royale gamer friends with NickatNyteGAMINGwithMOLT
6%
Maker of TrollcraftKehaan
6%
Made the remix of Sean McLoughlin's All The Way and Felix Kjellberg's BROFIST and Mark Fischbach's Space Is So Coo ooo ooo lSchmoyho
6%
Funny parodies of DragonBall ZTeamFourStar
6%
Nugget BiscuitsTobuscus
6%
Other maker of TrollcraftX33n
6%

Score Distribution

Percentile by Number Answered

Percent of People with Each Score

Your Score History

You have not taken this quiz since the last reset